Acción para la planificación familiar : (Record no. 314)

MARC details
000 -CABECERA
campo de control de longitud fija 00782nam a2200193 a 4500
005 - FECHA Y HORA DE LA ÚLTIMA TRANSACCIÓN
campo de control 20240925064649.0
008 - ELEMENTOS DE LONGITUD FIJA--INFORMACIÓN GENERAL
campo de control de longitud fija 991125s1977 mx 000 0 spa u
035 ## - NÚMERO DE CONTROL DEL SISTEMA
Número de control de sistema UPN01000000314
049 ## - COLECCIÓN
Colección CG
050 #4 - SIGNATURA TOPOGRÁFICA DE LA BIBLIOTECA DEL CONGRESO
Número de clasificación HB881
Número de documento/Ítem E8.38
110 1# - ASIENTO PRINCIPAL--NOMBRE CORPORATIVO
Nombre de entidad corporativa o nombre de jurisdicción como elemento de entrada Estados Unidos. Departamento de Salud, Educación y Seguridad Social. Unidad de Educación para la Salud
245 10 - MENCIÓN DE TÍTULO
Título Acción para la planificación familiar :
Resto del título educación, información, comunicación /
Mención de responsabilidad, etc. Departamento de Salud, Educación y Seguridad Social, Unidad de Educación para la Salud ; tr. René Cárdenas Barrios.
260 ## - PUBLICACIÓN, DISTRIBUCIÓN, ETC.
Lugar de publicación, distribución, etc. México :
Nombre del editor, distribuidor, etc. Diana,
Fecha de publicación, distribución, etc. 1977.
300 ## - DESCRIPCIÓN FÍSICA
Extensión 91 p.
500 ## - NOTA GENERAL
Nota general Disponible también en la Colección Medina
650 #7 - ASIENTO SECUNDARIO DE MATERIA - TERMINO TEMATICO
Término de materia o nombre geográfico como elemento de entrada Planificación familiar
Fuente del encabezamiento o término
9 (RLIN) 1109
650 #2 - ASIENTO SECUNDARIO DE MATERIA - TERMINO TEMATICO
Término de materia o nombre geográfico como elemento de entrada Población
9 (RLIN) 1357
905 ## - TIPO DE MATERIAL
Tipo de material Libro
Holdings
Estado de retiro Estado de pérdida Fuente del sistema de clasificación o colocación Estado dañado No para préstamo Código de colección Localización permanente Ubicación/localización actual Ubicación en estantería Total de préstamos Clasificación Código de barras Fecha visto por última vez Número de copia Tipo de ítem Koha
    Library of Congress Classification   Colec. Medina Colección General Bib. Gregorio Torres Quintero Bib. Gregorio Torres Quintero Planta baja   HB881 E8.38 101536 31/12/2020 1 Libro
    Library of Congress Classification     Colección General Bib. Gregorio Torres Quintero Bib. Gregorio Torres Quintero Planta baja   HB881 E8.38 8047 31/12/2020 1 Libro
    Library of Congress Classification   Colec. Medina Colección General Bib. Gregorio Torres Quintero Bib. Gregorio Torres Quintero Planta baja   HB881 E8.38 101535 31/12/2020 1 Libro